Mansehra : (Record no. 331624)

000 -LEADER
fixed length control field 00594cam a22002057a 4500
001 - CONTROL NUMBER
control field 3680721
003 - CONTROL NUMBER IDENTIFIER
control field NUST
005 - DATE AND TIME OF LATEST TRANSACTION
control field 20171010114435.0
008 - FIXED-LENGTH DATA ELEMENTS--GENERAL INFORMATION
fixed length control field 920314s1973 pk a 000 0 eng
010 ## - LIBRARY OF CONGRESS CONTROL NUMBER
LC control number 77930630
040 ## - CATALOGING SOURCE
Original cataloging agency DLC
Transcribing agency DLC
050 00 - LIBRARY OF CONGRESS CALL NUMBER
Classification number MLCS 92/6119 (B)
082 ## - DEWEY DECIMAL CLASSIFICATION NUMBER
Classification number 954.9123
Author Mark AHM
100 0# - MAIN ENTRY--PERSONAL NAME
Personal name Ahmed, Akbar S.
9 (RLIN) 5313
245 10 - TITLE STATEMENT
Title Mansehra :
Remainder of title a journey /
Statement of responsibility, etc. by Akbar S. Ahmed.
250 ## - EDITION STATEMENT
Edition statement 1st ed.
260 ## - PUBLICATION, DISTRIBUTION, ETC.
Place of publication, distribution, etc. Lahore :
Name of publisher, distributor, etc. Maktabah Jamal,
Date of publication, distribution, etc. 2012
300 ## - PHYSICAL DESCRIPTION
Extent 55 p. :
Other physical details ill. ;
Dimensions 18 cm.
880 ## - ALTERNATE GRAPHIC REPRESENTATION
Linkage 100-01\(3\r
Title اکبرایس احمد
880 ## - ALTERNATE GRAPHIC REPRESENTATION
Linkage 245-02\(3\r
Title مانسہرہ:
b تاریخ، لوگ، ثقافت اور سیاحت
c اکبر ایس احمد، مترجم: بشیر محمود اختر
880 ## - ALTERNATE GRAPHIC REPRESENTATION
Linkage 260-03\(3\r
Title لاہور:
b مکتبہ جمال،
c 2012
906 ## - LOCAL DATA ELEMENT F, LDF (RLIN)
a 7
b cbc
c orignew
d u
e ncip
f 19
g y-gencatlg
942 ## - ADDED ENTRY ELEMENTS (KOHA)
Source of classification or shelving scheme
Koha item type Book
Holdings
Withdrawn status Lost status Source of classification or shelving scheme Damaged status Not for loan Collection code Permanent Location Current Location Shelving location Date acquired Total Checkouts Full call number Barcode Date last seen Copy number Price effective from Koha item type
            Central Library (CL) Central Library (CL) Book Cart 10/09/2017   954.9123 AHM CL2939 10/09/2017 1 10/09/2017 Book
© 2023 Central Library, National University of Sciences and Technology. All Rights Reserved.